000 00411nam a2200145Ia 4500
008 240729s9999 xx 000 0 und d
022 _a2423-5830
245 0 _aPhysical Treatments
260 _aIran, Islamic Republic of
260 _bNegah Institute for Scientific Communication
650 _aMedicine
856 _uhttps://doaj.org/toc/e1dafb911dfd4bb5b7cedad407b47e65
942 _2ddc
942 _cDOAJEJ
999 _c72214
_d72214
945 _a1
_bMadushi Gamage
_c1
_dMadushi Gamage